Multiband metamaterials for antenna directivity enhancement / (Record no. 342347)

000 -LEADER
fixed length control field 00543nam a2200145 4500
082 ## - DEWEY DECIMAL CLASSIFICATION NUMBER
Classification number MSEE-6 ZAI
100 ## - MAIN ENTRY--PERSONAL NAME
Personal name Zain Haider
245 ## - TITLE STATEMENT
Title Multiband metamaterials for antenna directivity enhancement /
260 ## - PUBLICATION, DISTRIBUTION, ETC.
Place of publication, distribution, etc. Islamabad
Name of publisher, distributor, etc. NUST-SEECS
Date of publication, distribution, etc. 2017
300 ## - PHYSICAL DESCRIPTION
Extent 62p.
Accompanying material CD Includes
856 ## - Uniform Resource Identifier
Uniform Resource Identifier <a href="http://10.250.8.41:8080/xmlui/handle/123456789/31409">http://10.250.8.41:8080/xmlui/handle/123456789/31409</a>
942 ## - ADDED ENTRY ELEMENTS (KOHA)
Source of classification or shelving scheme
Koha item type Thesis
Holdings
Withdrawn status Lost status Source of classification or shelving scheme Damaged status Not for loan Collection code Permanent Location Current Location Shelving location Date acquired Source of acquisition Total Checkouts Full call number Barcode Date last seen Price effective from Koha item type Non-public note
            Central Library (CL) Central Library (CL) General Stacks 12/21/2017 NUST-SEECS   MSEE-6 ZAI SEECSP02237 12/21/2017 12/21/2017 Project Report  
            Central Library (CL) Central Library (CL) Thesis 10/09/2019     621.3 MSEE-6 ZAI CL-T-3387 10/09/2019 10/09/2019 Thesis Minute Sheet No. 0929/02/CL/Survey/5 dated 23rd April 2024 E-MIN ID 114741
© 2023 Central Library, National University of Sciences and Technology. All Rights Reserved.